Sports Quiz

Random Sports or MLB Quiz

MLB MVP Top 5 Teammates Quiz Stats

 Plays Quiz Updated Nov 15, 2018

Also try: MLB Teams Last MVP
Challenge
Share
Tweet
Embed
Score 0/121 Timer 11:00
6 Plays Today
Year Player % Correct
SEA (1996)Alex Rodriguez
91.9%
NYY (2009)Derek Jeter
90.9%
BOS (2007)David Ortiz
90.7%
BOS (2005)David Ortiz
90.7%
BOS (2004)David Ortiz
90.7%
TEX (1999)Ivan Rodriguez
90.7%
BOS (2018)Mookie Betts
89.5%
STL (2004)Albert Pujols
89.1%
DET (2011)Miguel Cabrera
88.3%
MIL (2011)Ryan Braun
87.9%
BOS (2018)J.D. Martinez
87.8%
BOS (2005)Manny Ramirez
86.4%
BOS (2004)Manny Ramirez
86.4%
CLE (1999)Manny Ramirez
86.4%
SFG (2000)Barry Bonds
86.3%
SFG (1994)Barry Bonds
86.3%
PIT (1992)Barry Bonds
86.3%
PIT (1991)Barry Bonds
86.3%
PIT (1990)Barry Bonds
86.3%
MIL (2011)Prince Fielder
85.9%
CLE (2017)Jose Ramirez
85.8%
DET (2011)Justin Verlander
84.1%
PHI (2007)Ryan Howard
82.3%
CHC (2016)Kris Bryant
82.1%
TEX (2012)Josh Hamilton
81.9%
SEA (1996)Ken Griffey, Jr
81.8%
MIN (2008)Joe Mauer
80.4%
BOS (2008)Dustin Pedroia
80.3%
SEA (1995)Edgar Martinez
78.2%
PHI (2007)Jimmy Rollins
77.6%
HOU (1997)Jeff Bagwell
76.8%
CHC (2016)Anthony Rizzo
76.3%
HOU (1998)Craig Biggio
76.1%
HOU (1997)Craig Biggio
76.1%
COL (2010)Carlos Gonzalez
76%
CLE (2001)Juan Gonzalez
75.9%
MIN (2008)Justin Morneau
74.8%
OAK (1992)Mark McGwire
74.1%
SEA (2001)Ichiro Suzuki
72.2%
TOR (1992)Joe Carter
72.1%
NYM (1986)Gary Carter
72%
Year Player % Correct
OAK (1988)Jose Canseco
71.6%
SFG (2000)Jeff Kent
71.5%
COL (2017)Nolan Arenado
70.6%
COL (2010)Troy Tulowitzki
70.3%
BOS (1986)Roger Clemens
65.8%
TEX (2012)Adrian Beltre
65.6%
STL (2013)Matt Carpenter
64.7%
SFG (1994)Matt Williams
64.7%
CLE (1995)Albert Belle
64.1%
CLE (1994)Albert Belle
64.1%
TOR (1986)George Bell
63.2%
CLE (2017)Francisco Lindor
62.7%
PHI (1980)Mike Schmidt
62.6%
KCR (1980)George Brett
62.4%
BAL (1983)Cal Ripken, Jr.
61.2%
COL (2017)Charlie Blackmon
60.1%
NYM (1988)Darryl Strawberry
59.5%
NYY (2009)Mark Teixeira
58.9%
NYY (1985)Rickey Henderson
58.1%
OAK (1981)Rickey Henderson
58.1%
CLE (2001)Roberto Alomar
57.3%
CLE (1999)Roberto Alomar
57.3%
STL (1987)Ozzie Smith
57.2%
STL (1982)Lonnie Smith
57.1%
STL (2013)Yadier Molina
56.9%
CHC (1984)Ryne Sandberg
56.3%
MIL (1982)Robin Yount
55.2%
NYY (1980)Reggie Jackson
54.1%
MON (1983)Andre Dawson
53.5%
STL (2004)Jim Edmonds
52.2%
NYY (1985)Don Mattingly
52.1%
TOR (1993)Paul Molitor
51.8%
PIT (1991)Bobby Bonilla
51.2%
PIT (1990)Bobby Bonilla
51.2%
NYY (2002)Jason Giambi
51.2%
SEA (1995)Jay Buhner
50.7%
NYM (1986)Keith Hernandez
50.3%
SFG (1989)Will Clark
48.8%
STL (1987)Jack Clark
48.8%
BOS (1998)Nomar Garciaparra
47.9%
OAK (1992)Dennis Eckersley
47.8%
Year Player % Correct
OAK (1988)Dennis Eckersley
47.8%
ATL (1993)David Justice
46.2%
LAD (1995)Mike Piazza
45.1%
SFG (1989)Kevin Mitchell
44.6%
BOS (1998)Mo Vaughn
43.5%
SEA (2001)Bret Boone
43.5%
BAL (1983)Eddie Murray
41.7%
ATL (2003)Javy Lopez
41.5%
ATL (2003)Gary Sheffield
40.6%
CLE (1994)Kenny Lofton
40.4%
ATL (1993)Fred McGriff
40.4%
BOS (1986)Jim Rice
39%
STL (1985)Willie McGee
38.4%
BOS (2008)Kevin Youkilis
38.2%
STL (2004)Scott Rolen
38.1%
PIT (1992)Andy Van Slyke
37.9%
TOR (1992)Dave Winfield
37.3%
TEX (1999)Rafael Palmeiro
36.6%
KCR (1980)Willie Wilson
34.1%
TOR (1993)John Olerud
34%
MON (1983)Tim Raines
33.1%
NYY (2002)Alfonso Soriano
32.7%
PHI (1980)Steve Carlton
31%
BOS (2007)Mike Lowell
30.1%
LAD (1995)Eric Karros
26.4%
CIN (1981)George Foster
26.3%
ATL (1993)Ron Gant
26%
MIL (1982)Cecil Cooper
25%
HOU (1998)Moises Alou
24.4%
TOR (1986)Jesse Barfield
23.9%
CHC (1984)Rick Sutcliffe
23%
CIN (1981)Dave Concepcion
17.3%
STL (1985)Tom Herr
16.7%
NYM (1988)Kevin McReynolds
12.5%
NYY (1980)Goose Gossage
11.3%
STL (1982)Bruce Sutter
11.3%
OAK (1981)Tony Armas
9.9%
CLE (1995)Jose Mesa
9.1%
CHC (1984)Gary Matthews
6.7%

You're not logged in!

Compare scores with friends on all Sporcle quizzes.
OR
Log In

You Might Also Like...

Show Comments

Extras

Top Quizzes Today


Score Distribution

Your Account Isn't Verified!

In order to create a playlist on Sporcle, you need to verify the email address you used during registration. Go to your Sporcle Settings to finish the process.

Report this User

Report this user for behavior that violates our Community Guidelines.

Details: